The Logical Elimination Click Quiz: Premier League Football Clubs - Statistics

General Stats
  • This quiz has been taken 457 times
  • The average score is 5 of 12
Answer Stats
Hint Explanation Answer % Correct
Play In The Merseyside Derby Everton, Liverpool Everton
66%
Have the Highest 5 Year Net Spend of the Clubs Listed Here Chelsea Chelsea
53%
Have Won More Than One Champions League Since 2000 Chelsea, Liverpool Liverpool
52%
Raheem Sterling Has Played For This Club Chelsea, Manchester City, Liverpool Manchester City
49%
Have NOT Won The Premier League (Since 1992) Aston Villa, West Ham, Tottenham Hotspur, Everton, Leeds United, Newcastle United Leeds United
46%
Primary Kit Colour Is Red Arsenal, Manchester United, Liverpool Arsenal
45%
Won The Fa Cup Between 2021-2024 Manchester United, Manchester City, Liverpool, Leicester City Manchester United
37%
Primary Kit Colour Is Blue Chelsea, Manchester City, Everton, Leicester City Leicester City
36%
Based In London Chelsea, Arsenal, West Ham, Tottenham Hotspur West Ham
34%
European Cup/Champions League Winner Aston Villa, Chelsea, Manchester United, Manchester City, Liverpool Aston Villa
28%
Never Been Relegated From Premier League Chelsea, Arsenal, Manchester United, Tottenham Hotspur, Everton, Liverpool Tottenham Hotspur
26%
Play In A Stadium With A Capacity of at least 50,000 Arsenal, West Ham, Manchester United, Manchester City, Tottenham Hotspur, Liverpool, Newcastle United Newcastle United
19%
No matching quizzes found
Score Distribution
Percent of People with Each Score
Percentile by Number Answered
Your Score History
You have not taken this quiz